XXX.dny svařovací techniky sborník přednášek

Salvato in:
Dettagli Bibliografici
Natura: Libro
Pubblicazione: Pardubice : Dům techniky 2011
Tags: Aggiungi Tag
Nessun Tag, puoi essere il primo ad aggiungerne!!

MARC

LEADER 00000nam a22000003a 4500
001 0006738
005 20150903144440.8
008 080724s1992----xr----------------------d
020 |a 978-80-02-02317-3 
040 |a STU  |b slo 
044 |a xr 
245 |a XXX.dny svařovací techniky  |b sborník přednášek 
260 |a Pardubice :  |b Dům techniky  |c 2011 
300 |a 178 s. 
996 |b 284M086519  |c M* Z-4305  |l MMKN  |s A  |a 24  |w 0006738_0001